000 nam a22 7a 4500
999 _c19286
_d19286
008 170116b xxu||||| |||| 00| 0 eng d
020 _a9780471374411
050 _aTA 147 .V46 1999
100 _aVenkataraman, T. S.
_d1999
245 _aPhysical foundations of engineering:
_bApplications & resource book/
_cT.S. Venkataraman and D.H. Thomas
250 _a3rd ed.
260 _aPhiladelphia:
_bWiley,
_c1999.
300 _avi,328p.:
_bill.;
_c27cm.
650 _aPhysical science.
650 _aEngiineering.
700 _aThomas, D. H.
942 _2lcc
_cBOOKS
_hTA 147 .V46 1999